000
00312nam a22001337a 4500
003
SGT
082
_a
612.95
_b
P15A
100
_a
ANSARY, P.Y.
245
_a
PRACTICAL GUIDE TO DRAVYAGUNA VIJNANAM
260
_a
VARANASI
_b
CHAUKHAMBHA PUB
_c
2015
300
_a
355
650
_a
DRAVYAGUNA VIGYAN
942
_2
ddc
_c
BK
_0
12
999
_c
8549
_d
8549